000 00331 a2200157 4500
001 62750
020 _a9788527412254
040 _cAnchieta - Pituba
100 _aSoares, Hugo Rafael
240 1 0 _aTransições
_lpor
245 1 0 _aTransições
300 _a399
362 0 _a2014
650 4 _aLiteratura juvenil
942 _cBK
999 _c62750
_d62750